000 00278nam a22001217a 4500
008 180308b xxu||||| |||| 00| 0 eng d
041 _aeng
080 _a37
100 _a25
101 _aEDU
245 _aADULT BASIC EDUCATION RADING INSTRUCTION
_cJOHN.K
942 _2udc
_cBK
999 _c44403
_d44403